00723nam a2200217 i 450000100060000000300090000600500170001500700030003200800410003508000180007610000200009424501920011425000120030626000390031830000220035765000340037965000240041370000300043770000170046785200210048477355ES-MaACL20250822032135.0t|041008s1952 sp ||||1| spa d a616.89:613:861 aHadfield, J. A.10aPsicología e higiene mental b: contribución al conocimiento de la psicología de las edades / cJ.A. Hadfield ; prólogo de R. Alberca Lorente ; versión española de R. de Vera. a1ª ed. aMadrid : bMorata, c1952 (fOsca) a597 p. ; c22 cm.07aPsicología evolutiva2embne07aSalud mental2embne1 aAlberca Lorente, Román.1 aVera, R. de. aES-MaACLjD-8119